02352cam a22003974i 4500003000900000005001700009008004100026035002000067040003300087100004100120245011800161264001000279300003900289336002100328337002500349338002300374502005900397504002400456520124800480526001001728526001001738526000901748526000901757526000901766526000901775526000901784526000901793526000901802526000801811526000801819526000801827526000801835526000801843650006501851700003801916PE-LiUPU20250731165413.0151110s2015 pe a grm 000 0 spa d a(Sirsi) a155126 aPE-LiUPUbspacPE-LiUPUerda1 aHuamaní Miguel, Luz Nayeli,eautor1 aConstrucción y validación de la escala de competencias socioemocionales(ECSE) /cLuz Nayeli Huamaní Miguel. 0c2015. a90 hojas : bilustraciones;c30 cm atext2rdacontent aunmediated2rdamedia avolume2rdacarrier aTesisb(Lic.) -- cUniversidad Peruana Unión,d2015. aIncluye referencias3 aEl objetivo del estudio fue la construcción y evaluación de las propiedades psicométricas de un instrumento capaz de evaluar el grado de competencias socioemocionales en trabajadores de instituciones públicas y privadas de Lima Este, entre las edades de 21 y 65 años. Se realizó la delimitación conceptual del constructo y se elaboró el instrumento preliminar (59 ítems) basado en la revisión de la literatura referente a las competencias socioemocionales, la muestra piloto estuvo conformada por 186 trabajadores. El coeficiente alfa de cronbach para el instrumento en su conjunto fue de 789. Para la validez de constructo se utilizó el análisis factorial exploratorio donde se demostró que el constructo está conformado por 2 dimensiones (competencia emocional y social) que explican el 44.87% de la varianza y a su vez por 5 sub dimensiones (conocimiento emocional, regulación emocional, capacidad participativa, empatía y resolución de conflictos). Finalmente la escala quedó constituida por 28 ítems que evalúan las 5 sub dimensiones de la escala de competencias socioemocionales. En virtud del mencionado se concluye que el instrumento evidencia buena consistencia interna y validez de constructo. aSEG44 aSEG26 aP151 aP150 aP149 aP146 aP145 aP126 aP125 aP92 aP75 aP74 aP27 aP1504aInteligencia emocionalxMediciónxAparatos e instrumentos.1 aRojas Aliaga, Kiara Shalomeautor